Project management : a managerial approach /

Na minha lista:
Detalhes bibliográficos
Autor principal: Meredith, Jack R.
Formato: Livro
Idioma:English
Publicado em: New York ; Chichester : John Wiley and Sons, 2000.
Edição:4th ed.
Assuntos:
Tags: Adicionar Tag
Sem tags, seja o primeiro a adicionar uma tag!
Thư viện lưu trữ: Mạng thư viện Đại học Đà Nẵng
LEADER 00864cam a2200325 i 4500
001 000046319
003 5781
005 20030320153849.0
008 010220|2000 vm 000 eng
020 |a 0471298298 
040 |a IRC  |c IRC  |d IRC 
041 0 |a eng 
082 1 4 |a 658.404  |b ME-J 
100 1 |a Meredith, Jack R. 
245 0 0 |a Project management :  |b a managerial approach /  |c Jack R. Meredith. 
250 |a 4th ed. 
260 |a New York ; Chichester :  |b John Wiley and Sons,  |c 2000. 
300 |a xvi, 616p. :  |b ill., map. 
630 0 4 |a Industrial project management. 
650 0 4 |a Industrial project management. 
OWN |a DUT 
999 |a From the UDN01 
TYP |a Monograph 
TYP |a Printed language 
980 |a Mạng thư viện Đại học Đà Nẵng